| 000 | 00724nam a2200241Ia 4500 | ||
|---|---|---|---|
| 003 | OSt | ||
| 005 | 20250619093134.0 | ||
| 008 | 210716s2008 xx 000 0 und d | ||
| 020 | _a8126510587 | ||
| 040 | _cAIMIT LIBRARY | ||
| 041 | _aeng | ||
| 082 |
_a005.7402 _bVIER |
||
| 100 |
_aVieira, Robert. _9215440 |
||
| 245 |
_aProfessional sql server 2005 programming / _cBy Vieira, Robert. |
||
| 250 | _a1st ed. | ||
| 260 |
_aNew Delhi : _bWiley Publishing Inc , _c2008. |
||
| 300 |
_axxvii,884 p.; _bHB _c25 cm. |
||
| 650 |
_aTool time _9215441 |
||
| 650 |
_aReviewing keys and constraints _9215442 |
||
| 650 |
_aDaring to design _9215443 |
||
| 650 |
_aTransactions and locks _9215444 |
||
| 942 |
_2ddc _cBK _k005.7402 VIER |
||
| 999 |
_c189349 _d189349 |
||